Ideologías y mentalidades
Gespeichert in:
| 1. Verfasser: | |
|---|---|
| Format: | Buch |
| Sprache: | Spanisch |
| Veröffentlicht: |
Barcelona
Ariel
1985
|
| Schriftenreihe: | Ariel Historia. Sección Historia Moderna,
|
| Schlagworte: | |
| Tags: |
Tag hinzufügen
Keine Tags, Fügen Sie den ersten Tag hinzu!
|
MARC
| LEADER | 00000nam a2200000 a 4500 | ||
|---|---|---|---|
| 001 | UCO0927 | ||
| 003 | CL-VaPUC | ||
| 008 | 000428e19850000SP |||||||||||||||||spa|d | ||
| 082 | 0 | 4 | |a 940.2 |b VOV |2 21 |
| 100 | 0 | |a Vovelle, Michel |e author |9 442564 | |
| 245 | 1 | 0 | |a Ideologías y mentalidades |
| 300 | |a 326 p | ||
| 942 | |c BK | ||
| 945 | |d 20000428 00:00:00 |a rherrera | ||
| 260 | |a Barcelona |b Ariel |c 1985 | ||
| 650 | 0 | |a Historia de Europa |9 392003 | |
| 650 | 0 | |a Historia moderna |9 268036 | |
| 650 | 0 | |a Ideologías |9 255200 | |
| 650 | 7 | |a MENTALIDAD |2 CL-VaPUC |9 371804 | |
| 650 | 0 | |a Religión |9 255164 | |
| 650 | 0 | |a Revolución cultural |9 340386 | |
| 650 | 7 | |a CULTURA E HISTORIA |2 CL-VaPUC |9 442565 | |
| 583 | |a last modification |c 20000428 00:00:00 |k Rodrigo Vera | ||
| 490 | 0 | |a Ariel Historia. Sección Historia Moderna, | |
| 999 | |c 287563 |d 287561 | ||
| 952 | |0 0 |1 0 |4 0 |6 940_200000000000000_VOV_1985 |7 0 |8 A |9 334472 |a BIBHIS |b BIBEDU |d 2019-11-20 |i 1268147 |l 5 |o 940.2 VOV 1985 |p 1268147 |r 2025-01-20 |s 2021-04-30 |w 2019-11-20 |y BK |k HIS | ||
| 952 | |0 0 |1 0 |4 0 |6 940_200000000000000_VOV_1985 |7 0 |8 A |9 334473 |a BIBHIS |b BIBHIS |d 2019-11-20 |i 1268155 |l 12 |m 4 |o 940.2 VOV 1985 |p 1268155 |r 2025-01-20 |s 2022-12-09 |w 2019-11-20 |y BK |k HIS | ||